Multiple Choice Logic Puzzle: North Sea Quiz Stats

 Plays Quiz not verified by Sporcle

Score 0/8 Timer 04:00
0 Plays Today
Question Answer Wrong Answers
Press 'START' to begin. ???
100%
Click a country with access to Baltic Sea. Important note: if a clue provided is correct for exactly two countries (out of 7 North Sea nations), that one which is first alphabetically has to be picked before another, not necessarily directly before it. ???
80.1%
???
9.3%
???
6.5%
???
3.1%
The next country is a republic. ???
50.7%
???
15.6%
???
7.2%
???
6.7%
Two next countries start with the same letter. ???
43.5%
???
1.9%
???
4.5%
???
0.7%
Yet another one... ???
41.6%
???
1.4%
???
0%
???
0.5%
Pick a country with 'B' capital. ???
32.1%
???
8.4%
???
1.2%
Correct! Now get a country which borders more than one landlocked nation. By the way, another one (among those who reach North Sea) is France! ???
30.1%
???
1.9%
Sure! The UK doesn't border any landlocked country at all. It neighbours the Republic of Ireland via Northern Ireland, and also Spain and Cyprus via dependencies. Let's answer a question: which city is in Northern Ireland? ???
28%
???
1.2%
???
1%
???
0%

You're not logged in!

Compare scores with friends on all Sporcle quizzes.
Join for Free
OR
Log In

You Might Also Like...

Show Comments

Extras

Top Quizzes Today


Score Distribution

Your Account Isn't Verified!

In order to create a playlist on Sporcle, you need to verify the email address you used during registration. Go to your Sporcle Settings to finish the process.

Report this User

Report this user for behavior that violates our Community Guidelines.

Details: